| 000 | 00833nam a22002537a 4500 | ||
|---|---|---|---|
| 003 | 0 | ||
| 005 | 20180802123613.0 | ||
| 008 | 0 | ||
| 010 | _aB-219837 | ||
| 020 |
_c580.00 _a9798177080840 |
||
| 035 | _aB-219837, B-219838, B-219842 | ||
| 037 | _bCen Lib/Ret | ||
| 040 |
_aDPL _bHN _c0 |
||
| 082 |
_a338.7 _bSAR |
||
| 100 |
_aSarkar,C.R. _972896 |
||
| 245 |
_aSocial responsibility of business enterprises / _cby C.R.Sarkar |
||
| 260 |
_aNew Delhi _bNew century publications _c2005 |
||
| 270 |
_a4800/24,Bharat Ram Road,Ansari road Darya Ganj _bNew Delhi _e110002 |
||
| 300 |
_axii,260p. _c21cm (Hb) |
||
| 500 | _aIncludes bibliography reference and index | ||
| 650 |
_aSocial responsibility of business _97883 |
||
| 650 |
_aSocial responsibility of business -- India _972897 |
||
| 942 |
_2ddc _cEN _h338.7 _mSAR |
||
| 999 |
_c122987 _d122987 |
||